Genshin Impact 4* Polearms by Picture - Statistics

General Stats
  • This quiz has been taken 19 times
  • The average score is 11 of 18
Answer Stats
Picture Answer % Correct
The Catch
100%
Dragon's Bane
93%
Deathmatch
86%
Blackcliff Pole
79%
Favonius Lance
79%
Lithic Spear
79%
Royal Spear
79%
Kitain Cross Spear
64%
Prospector's Drill
64%
Wavebreaker's Fin
64%
Ballad of the Fjords
57%
Dragonspine Spear
57%
Prototype Starglitter
57%
Crescent Pike
50%
Dialogues of the Desert Sages
36%
Missive Windspear
36%
Rightful Reward
36%
Moonpiercer
29%
No matching quizzes found
Score Distribution
Percent of People with Each Score
Percentile by Number Answered
Your Score History
You have not taken this quiz